| 000 | 00461ntaaa2200181 4500 | ||
|---|---|---|---|
| 003 | 01 | ||
| 005 | 20251027202110.0 | ||
| 008 | 0714s1973 ag 01 | ||
| 040 |
_aAR-BaBN _bspa _cAR-BaBN _eaacr _dRIC |
||
| 082 | _a252.0600 F67 | ||
| 100 | _aFlynn, Leslie B | ||
| 245 | _aDid I say thanks? | ||
| 250 | _a1 ed. | ||
| 260 |
_aNashville : _bBroadman Press, _cc1963 |
||
| 300 | _a118 p | ||
| 500 | _aPorque debemos dar gracias. Mensajes devocionales | ||
| 942 | _cBK | ||
| 999 |
_c15863 _d15863 |
||